Państwa, które pokonują Węgry - Statystyki

Ogólne statystyki
  • Ten quiz został rozwiązany 401 razy
    399 od ostatniego zresetowania
  • Średni wynik to 8 z 19
Statystyki odpowiedzi
Ranking Kategoria Państwo % Poprawnych
10 Najbardziej pokojowe państwo europejskie Islandia | Irlandia | Austria | Szwajcaria | Portugalia | Dania | Słowenia | Czechy | Finlandia
97%
2 Najkrótsza granica z Ukrainą Słowacja
86%
7 Najbardziej na północ wysunięty kraj śródlądowy Białoruś | Kazachstan | Mongolia | Czechy | Luksemburg | Słowacja | Austria
78%
10 Najmniej zalesione państwo Europy Islandia | Malta | Irlandia | San Marino | Mołdawia | Holandia | Wielka Brytania | Dania | Ukraina
67%
7 Największy kraj pod względem powierzchni, który nigdy nie wygrał Eurowizji Bułgaria | Białoruś | Polska | Rumunia | Serbia i Czarnogóra | Australia
62%
3 Najmniej zaludnione państwo zaczynające się na literę W Watykan | Wyspy Marshalla | Wyspy Salomona | Wyspy Świętego Tomasza i Książęca
62%
11 Najwięcej laureatów Nagrody Nobla na mieszkańca Saint Lucia | Szwecja | Luksemburg | Szwajcaria | Austria | Islandia | Norwegia | Dania | Irlandia | Wielka Brytania
58%
3 Pierwsze państwo, które kiedykolwiek przegrało finał Mundialu w piłce nożnej Argentyna | Czechosłowacja
52%
2 Najbliższe niegraniczące państwo do Bośni i Hercegowiny Słowenia
44%
6 Największy wskaźnik posiadania domu Chiny | Laos | Rumunia | Kazachstan | Słowacja
40%
2 Europejska stolica położona najdalej od morza Rosja
36%
10 Państwo europejskie z największym procentem ludzi palących Bułgaria | Chorwacja | Serbia | Andora | Bośnia i Hercegowina | Francja | Łotwa | Grecja | Słowacja
35%
2 Państwo, przez które przepływa dłuższa europejska rzeka Rosja
32%
15 Najmniejszy procent rządowych wydatków na edukację Japonia | Rumunia | Katar | Kambodża | Saint Kitts i Nevis | Liban | Azerbejdżan | Włochy | Demokratyczna Republika Konga | Namibia | Bahrajn | Liberia | Timor Wschodni | Sudan Południowy
26%
4 Najwięcej medali Pucharu Świata w piłce wodnej kobiet FINA Holandia | Stany Zjednoczone | Australia
21%
2 Posiadający najkrótszą granicę z Serbią Macedonia Północna
21%
4 Najmniej zaludnione państwo osi w 1939 roku Irak | Finlandia | Bułgaria
16%
2 Ostatnie państwo będące gospodarzem finału Ligi Europy UEFA Irlandia
7%
2 Najwięcej przegranych (nigdy ich nie wygrywając) w finale Pucharu Zdobywców Pucharów Austria
4%
Nie znaleziono quizów pasujących do podanych kryteriów
Rozkład punktacji
Procent ludzi z każdym wynikiem
Percentyl według liczby udzielonych odpowiedzi
Twoja historia wyników
Nie rozwiązałeś tego quizu od ostatniego zresetowania